000 00897nam a2200277 4500
001 72331
003 BD-RjUL
005 20211209082240.0
008 170516s1973 enka b 001 0 eng d
020 _a3211810951
020 _a0387810951
035 _a(BD-RjUL)72548
040 _aDLC
_cDLC
_dUKM
_dEQO
_dBD-RjUL
_beng
041 1 _aengger
082 _a550
_223
_bMCA 1973
100 1 _aMcConnell, D.
_9213900
245 1 0 _aApatite :
_b its crystal chemistry, mineralogy, utilization, and geologic and biologic occurrences /
_c D. McConnell
260 _aNew York :
_bSpringer,
_c1973
300 _axii, 111 p. :
_bill. ;
_c23 cm.
490 _aApplied mineralogy technische mineralogie
_v5
504 _aIncludes Bibliography and Indexes
650 0 _aGeography
_9213901
650 0 _aApatite
_9213902
830 _aApplied mineralogy technische mineralogie
_v5
_9214218
942 _2ddc
_cBK
999 _c72331
_d72331